Statistics for Random 'Top and Tail' Word Quiz - I

Click here to take the quiz!

General Stats

  • This quiz has been taken 55 times
  • The average score is 3 of 10

Answer Stats

HintLettersAnswer% Correct
Three in Roman numerals3III
100%
Native of Baghdad5Iraqi
100%
Those who are enlightened10Illuminati
83%
At one time the largest chemical company in Britain3ICI
55%
Zulu word for an armed body of men4Impi
29%
Bright decorative Japanese porcelain made in the town of Arita5Imari
20%
God, who with his sister, was given the task of creating the islands of Japan7Izanagi
18%
God, who with her brother, was given the task of creating the islands of Japan7Izanami
18%
Tribe of ancient Britons led by Boudicca5Iceni
17%
Peruvian currency replaced by the Sol in 19914Inti
17%
Short connecting instrumental pieces in an opera10Intermezzi
15%
Term used for first generation Japanese immigrants to the Americas5Issei
10%

Score Distribution

Percentile by Number Answered

Percent of People with Each Score

Your Score History

You have not taken this quiz